000 01019nam a2200229Ia 4500
001 11324
003 GE_BSU
008 181216s||||||||xx |||||||||||||| ||und||
040 _cGE_BSU
080 _a556.3(075.8)
100 _aკამენსკი გ.
245 _aმიწისქვეშა წყლების ძებნა–ძიება
245 _bსახელმძღვ. გეოლოგიურ–საძიებო უმაღლესი ტექნიკური სასწავლებლებისათვის
245 _cრედ: ი. ბუაჩიძე, მთარგმნ: ა. ნადარეიშვილი, ნ. დაბახიშვილი
260 _aთბილისი
260 _bცოდნა
260 _c1964
300 _a410გვ.22სმ.
300 _eდანართი გვ. 392–400
653 _aმიწისქვეშა წყლების ძებნა–ძიება
942 _cBK
999 _c44521
_d44521